00457nam a2200169 a 4500001001300000003000900013005001700022008004100039020001000080082001300090100002500103245008000128260002700208300000700235500003500242505001000277nice12345678IN_TiNIC20260116012619.0050524s1973 amea grp 000 0 urd  ac10000a201bMIL aMiller, D W Macalavi aSamuel M. Zwemerb Ek Azeem Shahr Afaq Mufakkir Muhaqiq, Musannif, Muqarir, aAmericabT M R Ec1973 a8p aincludes index and biblioraphy2 aNotes